[Event "DVM U20 2016"]
[Site "Borken-Gemen GER"]
[Date "2016.12.28"]
[Round "4"]
[White "Merkel, Toni"]
[Black "Holtel, Jasper"]
[Result "0-1"]
[Termination "normal"]
[Board "8.1"]
[BlackTitle "FM"]
[WhiteElo "1910"]
[BlackElo "2236"]
[WhiteTeam "SK König Plauen"]
[BlackTeam "SK Münster"]
[PlyCount "82"]
[WhiteFideId "12902624"]
[BlackFideId "12956376"]
[EventCountry "GER"]
[EventRounds "7"]
[EventType "team-swiss"]
[EventDate "2016.12.26"]

1.e4 c5 2.Nf3 d6 3.d4 cxd4 4.Nxd4 Nf6 5.Nc3 a6 6.Be2 e5 7.Nb3 Be7 8.Be3 Be6
9.O-O Nbd7 10.f4 Qc7 11.Bf3 Rc8 12.Rc1 b5 13.Nd2 Nb6 14.a3 O-O 15.Qe1 Bc4
16.Rf2 Rfe8 17.Kh1 Qc6 18.f5 d5 19.Bxb6 Qxb6 20.Nxc4 dxc4 21.Nd5 Nxd5 22.exd5
e4 23.Bg4 Bf6 24.c3 Re5 25.Rd1 Qd6 26.Re2 Rce8 27.Qg3 h6 28.h3 Rd8 29.Qe1 Rxd5
30.Rxd5 Qxd5 31.Rxe4 Kh7 32.Re8 Bg5 33.Rxd8 Qxd8 34.Bf3 Qd6 35.Qe2 Qg3 36.Bh5
Qf4 37.Qf3 Qc1+ 38.Qd1 Qxb2 39.Bxf7 Qxc3 40.Bg6+ Kh8 41. Qd5 Qe1+ 0-1

[Event "DVM U20 2016"]
[Site "Borken-Gemen GER"]
[Date "2016.12.28"]
[Round "4"]
[White "Austrup, David"]
[Black "Fischer, Erik"]
[Result "1/2-1/2"]
[Termination "normal"]
[Board "8.2"]
[WhiteElo "1967"]
[BlackElo "1865"]
[WhiteTeam "SK Münster"]
[BlackTeam "SK König Plauen"]
[PlyCount "40"]
[WhiteFideId "12996890"]
[BlackFideId "12956678"]
[EventCountry "GER"]
[EventRounds "7"]
[EventType "team-swiss"]
[EventDate "2016.12.26"]

1.e4 c6 2.d4 d5 3.exd5 cxd5 4.c4 Nf6 5.Nc3 Be6 6.Bg5 Nc6 7.Nf3 h6 8.Bxf6 exf6
9.Be2 Bb4 10.O-O Bxc3 11.bxc3 dxc4 12.Rb1 Rb8 13.Qa4 Qa5 14.Qxa5 Nxa5 15.Nd2 b6
16.Bf3 O-O 17.Rfe1 Rfd8 18.Nf1 Bd5 19.Bxd5 Rxd5 20.Re7 Rb7 1/2-1/2

[Event "DVM U20 2016"]
[Site "Borken-Gemen GER"]
[Date "2016.12.28"]
[Round "4"]
[White "Nguyen Dang, Huy Duc"]
[Black "Haberkamp, Carl"]
[Result "1/2-1/2"]
[Termination "normal"]
[Board "8.3"]
[WhiteElo "1803"]
[BlackElo "1919"]
[WhiteTeam "SK König Plauen"]
[BlackTeam "SK Münster"]
[PlyCount "51"]
[WhiteFideId "12922846"]
[BlackFideId "12959766"]
[EventCountry "GER"]
[EventRounds "7"]
[EventType "team-swiss"]
[EventDate "2016.12.26"]

1.e4 c6 2.d4 d5 3.e5 Bf5 4.Bd3 Bxd3 5.Qxd3 Qa5+ 6.c3 Qa6 7.Qxa6 Nxa6 8.f4 e6
9.Nf3 c5 10.O-O Ne7 11.Be3 Nc6 12.Nbd2 Be7 13.Nb3 cxd4 14.Bxd4 Nxd4 15. Nfxd4
Nc7 16.f5 O-O 17.Rad1 b6 18.g4 Rac8 19.Kh1 Rfe8 20.Kg2 Bc5 21.Rd2 a6 22.a3 Bxd4
23.Nxd4 Nb5 24.Nxb5 axb5 25.Rf4 Rc4 26.Rxc4 1/2-1/2

[Event "DVM U20 2016"]
[Site "Borken-Gemen GER"]
[Date "2016.12.28"]
[Round "4"]
[White "Baumann, Eva"]
[Black "Karl, Binh"]
[Result "0-1"]
[Termination "normal"]
[Board "8.4"]
[WhiteElo "1620"]
[BlackElo "1761"]
[WhiteTeam "SK Münster"]
[BlackTeam "SK König Plauen"]
[PlyCount "136"]
[WhiteFideId "12998788"]
[BlackFideId "12922862"]
[EventCountry "GER"]
[EventRounds "7"]
[EventType "team-swiss"]
[EventDate "2016.12.26"]

1.e4 c5 2.Nc3 Nc6 3.Bb5 d6 4.f4 Bd7 5.Bxc6 Bxc6 6.Nf3 e6 7.O-O Qc7 8.Qe1 Ne7
9.d3 h6 10.Be3 Bd7 11.d4 cxd4 12.Nxd4 a6 13.f5 e5 14.Nb3 f6 15.Rd1 Bc6 16.Qd2
Rd8 17.Qf2 Rd7 18.Bb6 Qb8 19.Qe2 Nc8 20.Be3 Qc7 21.Rd2 b5 22.a3 Nb6 23.Bxb6
Qxb6+ 24.Kh1 Be7 25.Qh5+ Kf8 26.Rf3 Bd8 27.Rfd3 Bc7 28.g4 Qb8 29. Nc5 Qc8
30.Nxd7+ Qxd7 31.Qh4 Ke7 32.Qf2 Rd8 33.Nd5+ Bxd5 34.Rxd5 Qc6 35. Qe2 Bb6
36.R2d3 Ba7 37.Qd1 Qb6 38.b3 b4 39.axb4 Qxb4 40.c3 Qxe4+ 41.Qf3 Qe1+ 42.Kg2 e4
43.Re3 Bxe3 44.Qxe4+ Kf8 45.Qd3 Qf2+ 46.Kh3 Qf3+ 47.Kh4 Bf2+ 48.Kh5 Qxd3
49.Rxd3 a5 50.Rd5 Bc5 51.Rd3 Rb8 52.c4 Re8 53.h4 Re5 54. Rf3 Re3 55.Rxe3 Bxe3
56.Kg6 Kg8 57.c5 dxc5 58.b4 axb4 59.g5 Bxg5 60.h5 Kf8 61.Kh7 b3 62.Kg6 b2
63.Kh7 b1=Q 64.Kh8 Qb8 65.Kh7 Qc8 66.Kg6 Qe8+ 67.Kh7 Qf7 68.Kh8 Qg8# 0-1

[Event "DVM U20 2016"]
[Site "Borken-Gemen GER"]
[Date "2016.12.28"]
[Round "4"]
[White "Helmrich, Daniel"]
[Black "Kamp, Aaron"]
[Result "1-0"]
[Termination "normal"]
[Board "8.5"]
[WhiteElo "1712"]
[BlackElo "1742"]
[WhiteTeam "SK König Plauen"]
[BlackTeam "SK Münster"]
[PlyCount "73"]
[WhiteFideId "12956767"]
[BlackFideId "16231120"]
[EventCountry "GER"]
[EventRounds "7"]
[EventType "team-swiss"]
[EventDate "2016.12.26"]

1.e4 c5 2.Nc3 d6 3.g3 Nc6 4.Bg2 g6 5.d3 Bg7 6.f4 e6 7.Nf3 Nge7 8.O-O O-O 9.Ne2
b5 10.c3 Rb8 11.Bd2 b4 12.Qc2 Ba6 13.g4 bxc3 14.bxc3 Qd7 15.Ng3 Nb4 16.cxb4
Bxa1 17.Rxa1 cxb4 18.f5 Rfc8 19.Qb3 Nc6 20.Bh6 Ne5 21.Qb2 Rc3 22. Nxe5 dxe5
23.Ne2 Rc5 24.d4 exd4 25.Nxd4 e5 26.Nb3 Rc3 27.Bd2 Rc4 28.Qxe5 Rbc8 29.Bh6 f6
30.Qxf6 R4c6 31.Qe5 Be2 32.Qd5+ Qxd5 33.exd5 Rd6 34.Bf4 Rd7 35.h3 Rc4 36.Be5
Re7 37.d6 1-0

[Event "DVM U20 2016"]
[Site "Borken-Gemen GER"]
[Date "2016.12.28"]
[Round "4"]
[White "Van Lindt, Chiara"]
[Black "Nguyen Dang, Lukas"]
[Result "0-1"]
[Termination "normal"]
[Board "8.6"]
[WhiteElo "1429"]
[BlackElo "1794"]
[WhiteTeam "SK Münster"]
[BlackTeam "SK König Plauen"]
[PlyCount "71"]
[WhiteFideId "12966762"]
[BlackFideId "12957135"]
[EventCountry "GER"]
[EventRounds "7"]
[EventType "team-swiss"]
[EventDate "2016.12.26"]

1.Nf3 d5 2.g3 g6 3.Bg2 Bg7 4.O-O Nf6 5.d3 O-O 6.Nbd2 b6 7.c4 Bb7 8.cxd5 Bxd5
9.Nc4 Nbd7 10.Qc2 Bb7 11.b3 c5 12.Bb2 Qc7 13.Rfd1 Rac8 14.Rac1 Rfd8 15.Qd2 Nf8
16.b4 Ne6 17.bxc5 Nxc5 18.Rc2 Nfe4 19.Qc1 Nd6 20.Bxg7 Kxg7 21. Qb2+ Kg8 22.Rdc1
Nxc4 23.Rxc4 Qd6 24.d4 Qf6 25.Qb4 Ne4 26.e3 Rxc4 27.Qxc4 Rc8 28.Qf1 Nc3 29.Ne5
Ne2+ 30.Qxe2 Rxc1+ 31.Bf1 Qe6 32.Qb2 Qc8 33.Qb3 e6 34.Nd3 Rc2 35.Qb1 Qc6 36.Nf4
0-1

[Event "DVM U20 2016"]
[Site "Borken-Gemen GER"]
[Date "2016.12.29"]
[Round "6"]
[White "Altstadt, Karl-Simon"]
[Black "Ruff, Maximilian"]
[Result "0-1"]
[Termination "normal"]
[Board "1.1"]
[BlackTitle "FM"]
[WhiteElo "1995"]
[BlackElo "2228"]
[WhiteClock "00:49:02"]
[BlackClock "00:18:06"]
[WhiteTeam "USV Halle"]
[BlackTeam "SF Sasbach"]
[PlyCount "60"]
[WhiteFideId "24696676"]
[BlackFideId "1271670"]
[EventCountry "GER"]
[EventRounds "7"]
[EventType "team-swiss"]
[EventDate "2016.12.26"]

1. e4 {[%clk 1:30:54]} c5 {[%clk 1:30:51]} 2. Nf3 {[%clk 1:31:19]} e6 {[%clk
1:31:16]} 3. d4 {[%clk 1:31:45]} cxd4 {[%clk 1:31:39]} 4. Nxd4 {[%clk 1:32:11]}
a6 {[%clk 1:31:58]} 5. Nc3 {[%clk 1:32:36]} Qc7 {[%clk 1:32:06]} 6. Bd3 {[%clk
1:32:52]} Nc6 {[%clk 1:31:50]} 7. Nxc6 {[%clk 1:32:41]} dxc6 {[%clk 1:32:04]}
8. O-O {[%clk 1:32:31]} Nf6 {[%clk 1:31:36]} 9. f4 {[%clk 1:31:35]} e5 {[%clk
1:30:57]} 10. f5 {[%clk 1:31:17]} Bc5+ {[%clk 1:26:54]} 11. Kh1 {[%clk
1:31:34]} h5 {[%clk 1:27:11]} 12. Qf3 {[%clk 1:30:05]} Ng4 {[%clk 1:26:07]} 13.
Nd1 {[%clk 1:23:22]} Bd7 {[%clk 1:24:46]} 14. a4 {[%clk 1:20:17]} O-O-O {[%clk
1:22:45]} 15. Bd2 {[%clk 1:15:09]} g6 {[%clk 1:18:42]} 16. b4 {[%clk 1:11:14]}
Bd4 {[%clk 1:15:53]} 17. c3 {[%clk 1:08:25]} Ba7 {[%clk 1:14:06]} 18. b5 {[%clk
1:07:47]} a5 {[%clk 1:12:21]} 19. f6 {[%clk 1:02:13]} cxb5 {[%clk 0:49:07]} 20.
axb5 {[%clk 1:01:56]} Bxb5 {[%clk 0:47:02]} 21. c4 {[%clk 0:57:19]} Rxd3 {[%clk
0:40:30]} 22. Qxd3 {[%clk 0:57:48]} Bxc4 {[%clk 0:40:48]} 23. Qa3 {[%clk
0:57:32]} Bxf1 {[%clk 0:31:50]} 24. Rc1 {[%clk 0:57:34]} Bc4 {[%clk 0:31:59]}
25. Bxa5 {[%clk 0:57:31]} Qc6 {[%clk 0:28:35]} 26. Bb4 {[%clk 0:56:39]} Kb8
{[%clk 0:25:47]} 27. Bd6+ {[%clk 0:53:47]} Ka8 {[%clk 0:26:02]} 28. h3 {[%clk
0:51:38]} Qxe4 {[%clk 0:20:22]} 29. Nc3 {[%clk 0:49:37]} Qf4 {[%clk 0:19:16]}
30. hxg4 {[%clk 0:49:02]} hxg4# {[%clk 0:18:06]} 0-1

[Event "DVM U20 2016"]
[Site "Borken-Gemen GER"]
[Date "2016.12.29"]
[Round "6"]
[White "Ehmann, Thilo"]
[Black "Hartge, Gedeon"]
[Result "1-0"]
[Termination "normal"]
[Board "1.2"]
[WhiteTitle "FM"]
[WhiteElo "2272"]
[BlackElo "2088"]
[WhiteClock "01:03:42"]
[BlackClock "00:11:08"]
[WhiteTeam "SF Sasbach"]
[BlackTeam "USV Halle"]
[PlyCount "73"]
[WhiteFideId "12940968"]
[BlackFideId "12932116"]
[EventCountry "GER"]
[EventRounds "7"]
[EventType "team-swiss"]
[EventDate "2016.12.26"]

1. e4 {[%clk 1:30:59]} c5 {[%clk 1:30:56]} 2. Nf3 {[%clk 1:31:26]} e6 {[%clk
1:31:21]} 3. d4 {[%clk 1:31:53]} cxd4 {[%clk 1:31:45]} 4. Nxd4 {[%clk 1:32:21]}
a6 {[%clk 1:32:08]} 5. c4 {[%clk 1:32:33]} Nf6 {[%clk 1:32:33]} 6. Nc3 {[%clk
1:32:56]} Qc7 {[%clk 1:32:58]} 7. a3 {[%clk 1:32:33]} b6 {[%clk 1:33:25]} 8.
Be2 {[%clk 1:32:56]} Bb7 {[%clk 1:33:48]} 9. f3 {[%clk 1:33:19]} Nc6 {[%clk
1:34:12]} 10. Be3 {[%clk 1:33:44]} Nxd4 {[%clk 1:34:32]} 11. Qxd4 {[%clk
1:33:28]} Bc5 {[%clk 1:33:07]} 12. Qd2 {[%clk 1:33:49]} Bxe3 {[%clk 1:29:05]}
13. Qxe3 {[%clk 1:34:04]} O-O {[%clk 1:28:41]} 14. Rc1 {[%clk 1:32:57]} d6
{[%clk 1:15:48]} 15. O-O {[%clk 1:32:17]} Rfd8 {[%clk 0:46:39]} 16. Rfd1 {[%clk
1:31:12]} Qc5 {[%clk 0:45:46]} 17. Rd4 {[%clk 1:29:06]} Rac8 {[%clk 0:40:17]}
18. b4 {[%clk 1:28:11]} Qc7 {[%clk 0:36:20]} 19. Rdd1 {[%clk 1:28:24]} Nd7
{[%clk 0:33:41]} 20. Bf1 {[%clk 1:24:50]} Qb8 {[%clk 0:30:22]} 21. Qd4 {[%clk
1:22:55]} Ne5 {[%clk 0:28:13]} 22. Na4 {[%clk 1:17:11]} b5 {[%clk 0:25:37]} 23.
Nb6 {[%clk 1:17:23]} Rc7 {[%clk 0:25:30]} 24. cxb5 {[%clk 1:17:07]} Rxc1 {[%clk
0:25:21]} 25. Rxc1 {[%clk 1:17:29]} axb5 {[%clk 0:25:43]} 26. Bxb5 {[%clk
1:17:33]} d5 {[%clk 0:24:20]} 27. exd5 {[%clk 1:16:10]} Bxd5 {[%clk 0:24:07]}
28. Qf2 Qb7 {[%clk 0:17:15]} 29. Be2 {[%clk 1:08:30]} h6 {[%clk 0:16:37]} 30.
a4 {[%clk 1:07:42]} Ng6 {[%clk 0:16:10]} 31. a5 {[%clk 1:07:35]} Nf4 {[%clk
0:14:06]} 32. Bf1 {[%clk 1:07:47]} Rd6 {[%clk 0:11:09]} 33. Qe3 {[%clk
1:05:14]} g5 {[%clk 0:11:11]} 34. Rc8+ {[%clk 1:03:30]} Kh7 {[%clk 0:11:33]}
35. Qe5 {[%clk 1:03:02]} Rxb6 {[%clk 0:10:45]} 36. Rh8+ {[%clk 1:03:18]} Kg6
{[%clk 0:11:08]} 37. Rg8+ {[%clk 1:03:42]} 1-0

[Event "DVM U20 2016"]
[Site "Borken-Gemen GER"]
[Date "2016.12.29"]
[Round "6"]
[White "Gröbel, Aaron"]
[Black "Riehle, Marco"]
[Result "1/2-1/2"]
[Termination "normal"]
[Board "1.3"]
[WhiteElo "1977"]
[BlackElo "2303"]
[WhiteClock "00:03:06"]
[BlackClock "00:56:47"]
[WhiteTeam "USV Halle"]
[BlackTeam "SF Sasbach"]
[PlyCount "125"]
[WhiteFideId "12914851"]
[BlackFideId "12904392"]
[EventCountry "GER"]
[EventRounds "7"]
[EventType "team-swiss"]
[EventDate "2016.12.26"]

1. e4 {[%clk 1:30:57]} e5 {[%clk 1:30:49]} 2. Nf3 {[%clk 1:31:21]} Nc6 {[%clk
1:31:12]} 3. Bc4 {[%clk 1:31:44]} Bc5 {[%clk 1:31:38]} 4. c3 {[%clk 1:32:09]}
Nf6 {[%clk 1:32:05]} 5. d4 {[%clk 1:32:26]} exd4 {[%clk 1:32:05]} 6. cxd4
{[%clk 1:32:47]} Bb4+ {[%clk 1:32:31]} 7. Bd2 {[%clk 1:33:06]} Bxd2+ {[%clk
1:30:40]} 8. Nbxd2 {[%clk 1:33:23]} d5 {[%clk 1:31:05]} 9. exd5 {[%clk
1:33:45]} Nxd5 {[%clk 1:31:34]} 10. O-O {[%clk 1:33:14]} O-O {[%clk 1:31:01]}
11. Re1 {[%clk 1:30:05]} Nce7 {[%clk 1:30:07]} 12. Qb3 {[%clk 1:30:07]} c6
{[%clk 1:30:30]} 13. Ne4 {[%clk 1:21:46]} Qb6 {[%clk 1:26:19]} 14. Qxb6 {[%clk
1:14:29]} axb6 {[%clk 1:26:16]} 15. Ne5 {[%clk 1:05:36]} Rd8 {[%clk 1:21:57]}
16. Rad1 {[%clk 1:00:16]} Bf5 {[%clk 1:17:25]} 17. Bb3 {[%clk 0:51:38]} Kf8
{[%clk 1:12:28]} 18. Nc4 {[%clk 0:46:45]} Bxe4 {[%clk 1:12:25]} 19. Rxe4 {[%clk
0:47:01]} b5 {[%clk 1:12:51]} 20. Ne5 {[%clk 0:46:05]} Nf5 {[%clk 1:08:57]} 21.
Re2 {[%clk 0:28:01]} f6 {[%clk 1:07:20]} 22. Nf3 {[%clk 0:27:16]} Rd6 {[%clk
1:00:27]} 23. g3 {[%clk 0:24:27]} Re8 {[%clk 0:59:56]} 24. Rxe8+ {[%clk
0:23:05]} Kxe8 {[%clk 1:00:03]} 25. Kf1 {[%clk 0:19:08]} g5 {[%clk 0:57:46]}
26. a3 {[%clk 0:06:36]} h6 {[%clk 0:48:42]} 27. h3 {[%clk 0:06:56]} Nb6 {[%clk
0:48:12]} 28. Ke2 {[%clk 0:04:58]} Nc4 {[%clk 0:48:05]} 29. Bxc4 {[%clk
0:05:26]} bxc4 {[%clk 0:48:32]} 30. Rd2 {[%clk 0:05:51]} b5 {[%clk 0:46:48]}
31. Kd1 {[%clk 0:06:02]} Rd8 {[%clk 0:42:19]} 32. Kc2 {[%clk 0:06:14]} Kd7
{[%clk 0:42:31]} 33. Kc3 {[%clk 0:06:04]} Ne7 {[%clk 0:42:52]} 34. Re2 {[%clk
0:05:48]} Nd5+ {[%clk 0:43:17]} 35. Kc2 {[%clk 0:05:36]} Ra8 {[%clk 0:43:38]}
36. Nd2 {[%clk 0:05:39]} c3 {[%clk 0:43:42]} 37. Ne4 {[%clk 0:03:48]} cxb2
{[%clk 0:42:59]} 38. Kxb2 {[%clk 0:04:14]} Kd8 {[%clk 0:42:05]} 39. Nc5 {[%clk
0:03:30]} Kc7 {[%clk 0:38:03]} 40. Kb3 {[%clk 0:02:16]} h5 {[%clk 0:34:41]} 41.
Re4 {[%clk 0:29:24]} Rh8 {[%clk 1:04:26]} 42. h4 {[%clk 0:25:09]} gxh4 {[%clk
1:04:37]} 43. Rxh4 {[%clk 0:25:12]} Ne7 {[%clk 1:02:08]} 44. Ne6+ {[%clk
0:10:46]} Kb6 {[%clk 1:00:12]} 45. Nf4 {[%clk 0:08:03]} Rd8 {[%clk 0:59:36]}
46. Nxh5 {[%clk 0:06:51]} Nf5 {[%clk 0:59:30]} 47. Re4 {[%clk 0:07:09]} Nxd4+
{[%clk 0:55:15]} 48. Kc3 {[%clk 0:07:35]} b4+ {[%clk 0:55:38]} 49. axb4 {[%clk
0:06:48]} Nb5+ {[%clk 0:56:07]} 50. Kc2 {[%clk 0:06:14]} f5 {[%clk 0:56:04]}
51. Re3 {[%clk 0:05:02]} Rd4 {[%clk 0:55:38]} 52. Kb3 {[%clk 0:03:30]} Rd2
{[%clk 0:56:05]} 53. f4 {[%clk 0:03:40]} Nc7 {[%clk 0:54:33]} 54. Nf6 {[%clk
0:02:00]} Rd6 {[%clk 0:53:48]} 55. Ne8 {[%clk 0:02:29]} Nxe8 {[%clk 0:54:08]}
56. Rxe8 {[%clk 0:02:58]} Rd3+ {[%clk 0:54:27]} 57. Kc4 {[%clk 0:03:28]} Rxg3
{[%clk 0:54:49]} 58. Re5 {[%clk 0:03:47]} Rg1 {[%clk 0:55:14]} 59. Rxf5 {[%clk
0:04:07]} Rc1+ {[%clk 0:55:38]} 60. Kd4 {[%clk 0:04:09]} Rb1 {[%clk 0:55:59]}
61. Kc3 {[%clk 0:03:30]} Rc1+ {[%clk 0:56:19]} 62. Kb2 {[%clk 0:04:08]} Rf1
{[%clk 0:56:47]} 63. Kc3 {[%clk 0:03:06]} 1/2-1/2

[Event "DVM U20 2016"]
[Site "Borken-Gemen GER"]
[Date "2016.12.29"]
[Round "6"]
[White "Bohnert, Dominik"]
[Black "Perekhozhuk, Maksym"]
[Result "1-0"]
[Termination "normal"]
[Board "1.4"]
[WhiteElo "2027"]
[BlackElo "1912"]
[WhiteClock "00:06:33"]
[BlackClock "00:21:22"]
[WhiteTeam "SF Sasbach"]
[BlackTeam "USV Halle"]
[PlyCount "101"]
[WhiteFideId "12918075"]
[BlackFideId "12914860"]
[EventCountry "GER"]
[EventRounds "7"]
[EventType "team-swiss"]
[EventDate "2016.12.26"]

1. b3 {[%clk 1:30:57]} d5 {[%clk 1:30:55]} 2. Bb2 {[%clk 1:31:21]} Bg4 {[%clk
1:31:13]} 3. f3 {[%clk 1:29:48]} Bh5 {[%clk 1:30:41]} 4. e3 {[%clk 1:29:22]} e6
{[%clk 1:27:48]} 5. Be2 {[%clk 1:25:19]} Nd7 {[%clk 1:26:04]} 6. f4 {[%clk
1:23:29]} Bxe2 {[%clk 1:25:04]} 7. Qxe2 {[%clk 1:23:31]} Ngf6 {[%clk 1:24:27]}
8. Nf3 {[%clk 1:23:09]} Bd6 {[%clk 1:22:34]} 9. O-O {[%clk 1:23:00]} Qe7 {[%clk
1:20:36]} 10. Ne5 {[%clk 1:21:56]} O-O {[%clk 1:17:32]} 11. d3 {[%clk 1:21:18]}
Ne8 {[%clk 1:10:50]} 12. Nd2 {[%clk 1:20:12]} f6 {[%clk 1:09:43]} 13. Nxd7
{[%clk 1:19:19]} Qxd7 {[%clk 1:10:02]} 14. e4 {[%clk 1:19:30]} c5 {[%clk
1:06:45]} 15. exd5 {[%clk 1:12:26]} exd5 {[%clk 1:06:51]} 16. f5 {[%clk
1:12:51]} Nc7 {[%clk 1:05:44]} 17. Qh5 {[%clk 1:02:16]} Be5 {[%clk 0:56:36]}
18. Bxe5 {[%clk 0:59:51]} fxe5 {[%clk 0:56:50]} 19. Rae1 {[%clk 0:59:48]} Rae8
{[%clk 0:56:22]} 20. g4 {[%clk 0:53:29]} Re7 {[%clk 0:44:30]} 21. Nf3 {[%clk
0:47:10]} Qd6 {[%clk 0:30:33]} 22. Nh4 {[%clk 0:42:21]} Ne8 {[%clk 0:14:22]}
23. g5 {[%clk 0:33:03]} g6 {[%clk 0:14:00]} 24. fxg6 {[%clk 0:27:07]} Rxf1+
{[%clk 0:09:47]} 25. Rxf1 {[%clk 0:27:10]} hxg6 {[%clk 0:10:00]} 26. Qxg6+
{[%clk 0:11:47]} Qxg6 {[%clk 0:10:15]} 27. Nxg6 {[%clk 0:12:13]} Re6 {[%clk
0:10:25]} 28. Nh4 {[%clk 0:11:37]} Nd6 {[%clk 0:09:34]} 29. Nf5 {[%clk
0:11:06]} e4 {[%clk 0:07:57]} 30. Nxd6 {[%clk 0:08:40]} Rxd6 {[%clk 0:08:21]}
31. Re1 {[%clk 0:08:56]} exd3 {[%clk 0:07:52]} 32. cxd3 {[%clk 0:09:24]} b5
{[%clk 0:08:03]} 33. Rc1 {[%clk 0:08:07]} Rc6 {[%clk 0:08:27]} 34. Kg2 {[%clk
0:07:42]} a5 {[%clk 0:07:28]} 35. Kf3 {[%clk 0:07:04]} a4 {[%clk 0:05:06]} 36.
bxa4 {[%clk 0:07:00]} b4 {[%clk 0:05:29]} 37. Ke3 {[%clk 0:04:12]} c4 {[%clk
0:05:51]} 38. h4 {[%clk 0:02:21]} d4+ {[%clk 0:05:07]} 39. Kd2 {[%clk 0:01:49]}
c3+ {[%clk 0:04:58]} 40. Kc2 {[%clk 0:02:17]} Re6 {[%clk 0:04:59]} 41. Kb3
{[%clk 0:24:21]} Re2 {[%clk 0:35:21]} 42. Rc2 {[%clk 0:21:52]} Re1 {[%clk
0:35:08]} 43. a3 {[%clk 0:12:42]} bxa3 {[%clk 0:33:44]} 44. Ra2 {[%clk
0:07:24]} Rd1 {[%clk 0:30:29]} 45. a5 {[%clk 0:06:38]} Rd2 {[%clk 0:25:31]} 46.
a6 {[%clk 0:05:16]} Rxa2 {[%clk 0:24:47]} 47. a7 {[%clk 0:05:14]} c2 {[%clk
0:20:37]} 48. a8=Q+ {[%clk 0:05:20]} Kh7 {[%clk 0:20:49]} 49. Qb7+ {[%clk
0:05:46]} Kg6 {[%clk 0:21:04]} 50. Qc6+ {[%clk 0:06:08]} Kh5 {[%clk 0:21:22]}
51. Kxa2 {[%clk 0:06:33]} 1-0

[Event "DVM U20 2016"]
[Site "Borken-Gemen GER"]
[Date "2016.12.29"]
[Round "6"]
[White "Rudolf, Henning"]
[Black "Zimmer, Raphael"]
[Result "0-1"]
[Termination "normal"]
[Board "1.5"]
[WhiteElo "1848"]
[BlackElo "2252"]
[WhiteClock "00:00:34"]
[BlackClock "00:01:53"]
[WhiteTeam "USV Halle"]
[BlackTeam "SF Sasbach"]
[PlyCount "63"]
[WhiteFideId "12994596"]
[BlackFideId "12978841"]
[EventCountry "GER"]
[EventRounds "7"]
[EventType "team-swiss"]
[EventDate "2016.12.26"]

1. e4 {[%clk 1:30:57]} e5 {[%clk 1:30:55]} 2. Nf3 {[%clk 1:31:19]} Nc6 {[%clk
1:31:18]} 3. d4 {[%clk 1:31:41]} exd4 {[%clk 1:31:41]} 4. Nxd4 {[%clk 1:32:03]}
Nf6 {[%clk 1:31:26]} 5. Nc3 {[%clk 1:32:00]} Bb4 {[%clk 1:31:35]} 6. Nxc6
{[%clk 1:32:20]} bxc6 {[%clk 1:31:53]} 7. Bd3 {[%clk 1:32:37]} d6 {[%clk
1:29:59]} 8. Bg5 {[%clk 1:29:58]} h6 {[%clk 1:28:39]} 9. Bh4 {[%clk 1:28:24]}
Rb8 {[%clk 1:26:39]} 10. O-O {[%clk 1:23:10]} g5 {[%clk 1:22:45]} 11. Bg3
{[%clk 1:22:56]} h5 {[%clk 1:22:54]} 12. h4 {[%clk 1:14:05]} Ng4 {[%clk
1:20:12]} 13. hxg5 {[%clk 0:54:35]} Qxg5 {[%clk 1:17:02]} 14. Qf3 {[%clk
0:52:05]} h4 {[%clk 1:12:39]} 15. Bf4 {[%clk 0:51:59]} Qf6 {[%clk 1:12:19]} 16.
Be3 {[%clk 0:42:11]} Qg7 {[%clk 0:44:41]} 17. Bf4 {[%clk 0:30:23]} h3 {[%clk
0:37:48]} 18. g3 {[%clk 0:30:06]} Bc5 {[%clk 0:35:20]} 19. Nd1 {[%clk 0:21:03]}
Qf6 {[%clk 0:30:02]} 20. Be2 {[%clk 0:17:31]} Be6 {[%clk 0:22:40]} 21. c4
{[%clk 0:14:43]} Bd4 {[%clk 0:14:55]} 22. Rb1 {[%clk 0:13:39]} Kd7 {[%clk
0:13:16]} 23. b4 {[%clk 0:12:37]} Rbg8 {[%clk 0:12:11]} 24. Ne3 {[%clk
0:07:47]} Ne5 {[%clk 0:05:02]} 25. Bxe5 {[%clk 0:07:47]} Qxf3 {[%clk 0:04:34]}
26. Bxf3 {[%clk 0:08:15]} dxe5 {[%clk 0:04:53]} 27. Rfd1 {[%clk 0:04:47]} Kc8
{[%clk 0:04:24]} 28. Nf1 {[%clk 0:03:43]} h2+ {[%clk 0:03:15]} 29. Kh1 {[%clk
0:01:57]} Bxf2 {[%clk 0:03:21]} 30. Rb2 {[%clk 0:01:34]} Bxg3 {[%clk 0:02:58]}
31. Nxh2 {[%clk 0:00:34]} Rh3 {[%clk 0:01:53]} 32. Kg2 0-1

[Event "DVM U20 2016"]
[Site "Borken-Gemen GER"]
[Date "2016.12.29"]
[Round "6"]
[White "Gubela, Hans-Erich Constanti"]
[Black "Kretzschmar, Arnd"]
[Result "1/2-1/2"]
[Termination "normal"]
[Board "1.6"]
[WhiteElo "1787"]
[BlackElo "1959"]
[WhiteClock "00:15:46"]
[BlackClock "00:21:45"]
[WhiteTeam "SF Sasbach"]
[BlackTeam "USV Halle"]
[PlyCount "40"]
[WhiteFideId "24692140"]
[BlackFideId "12914835"]
[EventCountry "GER"]
[EventRounds "7"]
[EventType "team-swiss"]
[EventDate "2016.12.26"]

1. b3 {[%clk 1:30:56]} d5 {[%clk 1:30:40]} 2. Bb2 {[%clk 1:31:20]} Bg4 {[%clk
1:30:51]} 3. Nf3 {[%clk 1:17:27]} Nd7 {[%clk 1:30:55]} 4. h3 {[%clk 1:16:33]}
Bxf3 {[%clk 1:31:10]} 5. gxf3 {[%clk 1:16:37]} e5 {[%clk 1:30:44]} 6. e3 {[%clk
1:16:02]} Ngf6 {[%clk 1:28:51]} 7. Rg1 {[%clk 1:15:15]} c6 {[%clk 1:25:19]} 8.
d4 {[%clk 1:11:33]} e4 {[%clk 1:23:36]} 9. Nd2 {[%clk 1:08:58]} Qa5 {[%clk
1:12:18]} 10. a3 {[%clk 0:47:38]} O-O-O {[%clk 0:51:00]} 11. b4 {[%clk
0:44:18]} Qc7 {[%clk 0:47:41]} 12. f4 {[%clk 0:34:41]} Bd6 {[%clk 0:37:57]} 13.
c4 {[%clk 0:33:57]} Rde8 {[%clk 0:36:39]} 14. Qb3 {[%clk 0:31:09]} Bxf4 {[%clk
0:34:37]} 15. exf4 {[%clk 0:29:48]} e3 {[%clk 0:34:23]} 16. fxe3 {[%clk
0:25:30]} Qxf4 {[%clk 0:34:43]} 17. O-O-O {[%clk 0:25:31]} Rxe3 {[%clk
0:34:57]} 18. Qc2 {[%clk 0:24:21]} Rhe8 {[%clk 0:25:20]} 19. Kb1 {[%clk
0:19:50]} Ne4 {[%clk 0:21:45]} 20. cxd5 {[%clk 0:15:46]} Kc7 1/2-1/2